00783cam a22002531 4500001001300000003000400013005001700017008004100034010001700075035001900092040001900111041001100130042001200141050002200153082001200175100003500187245007200222260003900294300002600333500006400359504005200423650003700475999001700512sa 67002639 DLC20260227112332.0770413s1966 ii 001 0 eng  asa 67002639  a(OCoLC)2884007 aDLCcMdBTdDLC0 aengmar apremarc00aDS432.M2bN3 1966 a954.0251 aNadkarnia, Rajaram Vyankatesh.14aThe rise and fall of the Maratha Empire.cForeword by D. V. Potdar. aBombay,bPopular Prakashanc[1966] axviii, 410 p.c23 cm. aA revision of the author's thesis (M.A.) Bombay University. aBibliography in English or Marathi: p. 394-399. 0aMaratha (Indic people)xHistory. c73346d73346